Normal view
MARC view
Entry Personal Name
001 - CONTROL NUMBER
- control field: 17424
003 - CONTROL NUMBER IDENTIFIER
- control field: OSt
005 - DATE AND TIME OF LATEST TRANSACTION
- control field: 20230215094709.0
008 - FIXED-LENGTH DATA ELEMENTS
- fixed length control field: 230215|| aca||aabn | a|a d
040 ## - CATALOGING SOURCE
- Original cataloging agency: OSt
- Transcribing agency: OSt
100 ## - HEADING--PERSONAL NAME
- Personal name: ကေလာသ၊ အရှင်၊ ဓမ္မာစရိယ, ဂဏဝါစက B.A.Hons. ဝိဇ္ဇာဂုဏ်ထူး(သီရိလင်္ကာ)
670 ## - SOURCE DATA FOUND
- Source citation: Work cat.: (OSt): ကေလာသ၊ အရှင်၊ ဓမ္မာစရိယ, ဂဏဝါစက B.A.Hons. ဝိဇ္ဇာဂုဏ်ထူး(သီရိလင်္ကာ), တပည့်လိမ္မာ\, ၁၉၈၂